| 000 | 00569nam a2200241Ia 4500 | ||
|---|---|---|---|
| 003 | OSt | ||
| 005 | 20221005115101.0 | ||
| 006 | a|||||r|||| 00| 0 | ||
| 007 | ta | ||
| 008 | 221004b |||||||| |||| 00| 0 tam d | ||
| 024 | _a51891 | ||
| 037 | _cTextual | ||
| 040 |
_aCRL _cCRL _btam |
||
| 041 |
_2tam _atam |
||
| 082 | _aQ4:33, 31J6 | ||
| 100 |
_aRamaswamy _9222297 |
||
| 245 | 0 | _aBodhi madhavan | |
| 260 | _c1956 | ||
| 300 |
_a404p. _ccm. |
||
| 650 | _aRELIGION | ||
| 942 |
_hQ4:33, 31J6 _cTEXL _2cc |
||
| 999 |
_c1033370 _d1033370 |
||